000 00547nam a2200169Ia 4500
008 110201s9999 xx 000 0 und d
082 _bB4503
_aS 587
100 _aआपटे ना.ह.
245 _aसुगरिणीचा संसार
260 _bश्रीनिवास छापखाना
365 _b2
600 _aआपटे ना.ह.
630 _aसुगरिणीचा संसार
700 _aआपटे ना.ह.
730 _aसुगरिणीचा संसार
942 _cBOOK
999 _c830772
_d830769